| 000 | 00445nam a2200193Ia 4500 | ||
|---|---|---|---|
| 005 | 20250423094335.0 | ||
| 008 | 250422s9999 xx 000 0 und d | ||
| 020 | _a978-81-2591907-0 | ||
| 050 | _aLB 1055 .C43/ | ||
| 100 | _aChauhan, S.S. | ||
| 245 | 0 | _aAdvanced educational psychology | |
| 250 | _a7th ed. | ||
| 260 | _aNew Delhi | ||
| 260 | _bVikas Publ. | ||
| 260 | _c2010 | ||
| 300 | _a529 p | ||
| 650 | _aEducation | ||
| 942 | _cBK | ||
| 999 |
_c26957 _d26957 |
||